Budějické zahrady

Korporativní autor: Budweiser Budvar (hudební skupina)
Další autoři: Mikulášová, Jana, Petr, Ludvík, 1943-, Svobodová, Marie, Heidinger, Pavel
Jazyk: Čeština
Vydáno: Praha : Supraphon, p1994
Témata:
Fyzický popis: 1 MC : stereo, Dolby systém + 1 složený list.
Zvukové nahrávky
Uloženo v:
LEADER 01735njm a2200517 a 4500
001 000403752
003 CZ BrMZK
005 20170329152904.0
008 950101s1994 xr f cze d
028 0 3 |a 11 2635-4 411  |b Supraphon 
040 |a BOA001  |b cze 
080 |a 788.085(086.7)  |2 MRF 
110 2 |a Budweiser Budvar (hudební skupina)  |7 ko2002162039 
245 1 0 |a Budějické zahrady  |h [zvukový záznam] /  |c Budvarka. 
246 3 3 |a Už mě koně vyvádějí 
246 3 3 |a Za hubičku 
246 3 3 |a Alpiny 
246 3 3 |a Budějické zahrady 
246 3 3 |a Jede formánek 
246 3 3 |a Jiřiny 
246 3 3 |a Když jsem šla jedenkrát 
246 3 3 |a Láska pastevce 
246 3 3 |a Malý zajíc 
246 3 3 |a Milovala jsem 
246 3 3 |a Pásla holka 
246 3 3 |a Sbohem buď údolí 
246 3 3 |a Sluníčko vychází 
246 3 3 |a Stála na zahrádce 
246 3 3 |a Tiše šumí vítr 
246 3 3 |a U kláštera 
260 |a Praha :  |b Supraphon,  |c p1994 
300 |a 1 MC :  |b stereo, Dolby systém +  |e 1 složený list. 
306 |a 005741 
500 |a Nahr. 1994 
500 |a Durata 57:41 
505 2 |a Malý zajíc, Pásla holka, Alpiny...[et al.] 
511 0 |a Ludvík Petr, zpěv; Pavel Heidinger, zpěv; Marie Svobodová, zpěv...[et al.] 
653 0 |a dechový orchestr  |a písně s dechovým orchestrem 
700 1 |a Mikulášová, Jana  |7 xx0134342  |4 prf 
700 1 |a Petr, Ludvík,  |d 1943-  |7 xx0007892  |4 prf 
700 1 |a Svobodová, Marie  |7 jx20050707041  |4 prf 
700 1 |a Heidinger, Pavel  |7 ola364085  |4 prf 
910 |a BOA001  |b KZ-0002.739 
964 |a Orchestr dechový  |x MC 
990 |a AV 
996 6 |b 261H002772  |c KZ-0002.739  |l MZK  |r Sklad / do 24 hodin  |n 0  |w 000403752  |u 000010  |a 1  |e BOA001  |j MZK50  |s P